|
|
|
|
| LEADER |
00000cam a2200000 7i4500 |
| 001 |
0000000858 |
| 005 |
20001017.0 |
| 020 |
0 |
0 |
|a 9679981126
|
| 090 |
0 |
0 |
|a MR915.9521
|b CHA 1988
|
| 100 |
1 |
0 |
|a CHAY
|h Peter
|
| 245 |
1 |
0 |
|a Sabah :
|b The land below the wind
|c Peter Chay; edited by Kim Lee and A. G. Sullivan
|
| 260 |
0 |
0 |
|a Kuala Lumpur :
|b Foto Teknik ,
|c 1988
|
| 300 |
|
|
|a 223 p. :
|b col. photos, maps ;
|c 30 cm.
|
| 651 |
0 |
0 |
|a Sabah
|x Description and travel
|
| 651 |
0 |
0 |
|a Sabah
|x Social conditions
|
| 700 |
0 |
1 |
|a Lee
|h Kim
|
| 700 |
0 |
1 |
|a Sullivan
|h A. G.
|
| 999 |
|
|
|a 0000000746
|b Monograph
|c Reference
|e Default branch
|